| 000 | 00668nam a2200193 i 4500 | ||
|---|---|---|---|
| 001 | 102057 | ||
| 003 | ES-MaACL | ||
| 005 | 20250811071124.0 | ||
| 007 | t| | ||
| 008 | 051103s1926 sp ||||1| spa d | ||
| 110 | 2 |
_aUniversidad de Madrid. _97205 |
|
| 245 | 1 | 0 |
_aMemoria estadistica correspondiente al curso de 1924-1925 / _cUniversidad de Madrid. |
| 260 |
_aMadrid : _bPlus Ultra, _c1926. |
||
| 300 |
_a53 p. ; _c31 cm. |
||
| 500 | _aPrecede al tít.: Ministerio de Instrucción Pública y Bellas Artes. | ||
| 710 | 1 |
_aEspaña. _bMinisterio de Instrucción Pública y Bellas Artes _9226896 |
|
| 852 |
_aES-MaACL _j1722-F-7 |
||
| 999 |
_c102057 _d102057 |
||